| 000 | 01219cam a2200265 4500 | ||
|---|---|---|---|
| 001 | ##L130146 | ||
| 002 | ##8826 | ||
| 008 | 050628n2005 000 0 eng u | ||
| 020 | _a0418826307 | ||
| 035 | _a(Sirsi) u130146 | ||
| 041 | 0 | _aeng | |
| 050 | 0 | 4 | _a692.8 $2 18 |
| 110 | 2 |
_aJoint Contracts Tribunal _93664 |
|
| 240 | 0 | 0 | _aFA 05 |
| 245 |
_aFA _bFramework Agreement 2005 |
||
| 260 |
_aLondon _bThomson Sweet and Maxwell _c2005 |
||
| 300 |
_aii, 18p. _c30cm. |
||
| 350 | _a18.95 | ||
| 490 | _aJCT Framework Agreement (2005 Edition) | ||
| 520 | _aAgreement for the procurement of construction or engineering related works over a period of time. Suitable for clients with contractors and/or suppliers or for those subletting to others in the supply chain this document can be used with most standard forms of construction and engineering contract or subcontract. Parties who do not wish to be legally bound should consider the JCT Framework Agreement Non-Binding (2005 Edition). | ||
| 650 | 2 | 4 | _aJCT FRAMEWORK AGREEMENT (2005 EDITION) |
| 651 | 4 |
_aUnited Kingdom _y |
|
| 690 | _aBUILT ENVIRONMENT-BUILDING CONTRACT FORMS-STANDARD FORMS OF BUILDING CONTRACT-JOINT CONTRACTS TRIBUNAL CONTRACTS | ||
| 942 | _n0 | ||
| 999 |
_c104366 _d104366 |
||